| 000 | 01031nam a2200289 i 4500 | ||
|---|---|---|---|
| 003 | OSt | ||
| 005 | 20260530113858.0 | ||
| 008 | 260507b enk||||| |||| 00| 0 enk d | ||
| 020 | _a333127900 | ||
| 040 |
_aICI _bspa _cICI |
||
| 041 | _aenk | ||
| 050 |
_aTA9 _bG56 1972 |
||
| 100 | 1 |
_aJBeadle, J. D., _931942 |
|
| 245 | 1 | 0 |
_aGlossary of Contemporary Engineering / _cedited by J. D. Beadle. |
| 250 |
_a1st edition. _bMacmillan, |
||
| 264 | 1 |
_bMacmillan Press LTD _c1972 |
|
| 300 | _a136 páginas : | ||
| 336 |
_atexto _2rdacontent |
||
| 337 |
_asin medio _2rdamedia |
||
| 338 |
_avolumen _2rdacarrier |
||
| 490 | _aMacmillan engineering evaluations | ||
| 500 | _aGlosario especializado de terminología de ingeniería contemporánea. | ||
| 520 | _aDiccionario técnico que reúne terminología fundamental utilizada en diversas ramas de la ingeniería contemporánea y las ciencias aplicadas | ||
| 650 |
_aEngineering _vDictionaries. _931943 |
||
| 650 |
_aIngeniería _vDiccionarios ingleses. _931944 |
||
| 942 |
_2lcc _cBK _n1 |
||
| 999 |
_c11690 _d11690 |
||